La ciencia en el aula: lo que nos dice la ciencia sobre cómo enseñarla

Gardado en:
Detalles Bibliográficos
Main Authors: Gellon, Gabriel (Author), Rosenvasser Feher, Elsa (Author), Golombek, Diego (Author)
Outros autores: Furman, Melina (autora)
Formato: Libro
Idioma:Lingua castelá
Publicado: Buenos Aires Paidós 2005
Edición:1a. ed
Series:Cuestiones de Educación, 48
Subjects:
Tags: Engadir etiqueta
Sen Etiquetas, Sexa o primeiro en etiquetar este rexistro!

MARC

LEADER 00000cam a2200000 a 4500
001 UCE5090
003 CL-VaPUC
008 141204e20050000ag |||||||||||||||||spa|d
020 |a 9501261484 
082 0 4 |a 370.1  |b GEL  |2 21 
100 0 |a Gellon, Gabriel  |e author  |9 225 
700 0 |a Rosenvasser Feher, Elsa  |e author  |9 577586 
700 |a Furman, Melina  |e autora  |9 577587 
700 0 |a Golombek, Diego  |e author  |9 577588 
245 1 3 |a La ciencia en el aula: lo que nos dice la ciencia sobre cómo enseñarla 
250 |a 1a. ed 
300 |a 259 p 
942 |c BK 
945 |d 20141204 15:21:00  |a dcastane 
260 |a Buenos Aires  |b Paidós  |c 2005 
650 0 |a Filosofía de la educación   |9 258384 
650 0 |a Enseñanza de las ciencias  |9 331919 
583 |a last modification  |c 20141204 15:21:00  |k Rodrigo Vera 
490 0 |a Cuestiones de Educación, 48 
999 |c 357909  |d 357907 
952 |0 0  |1 0  |3 erb  |4 0  |6 370_100000000000000_GEL_2005  |7 0  |8 A  |9 466061  |a BIBEDU  |b BIBEDU  |i 5127947  |o 370.1 GEL 2005  |p 5127947  |r 2021-01-21  |w 2019-11-23  |y BK  |z Catalogado en:20141204  |k EBA